000
00218 a2200097 4500
001
15050
100
_a
Tay & thoms L Jr
245
_a
Our flight to adventure
260
_a
New York
_b
Doubleday
_c
090
_c
11805
_d
11805
942
_a
NUST-CAE
_c
M
_c
2009
999
_c
250123
_d
250123